banner koha

Relatorio de pesquisa - API - Baixo Tocantins [Para, Brasil] (Registro n. 38975)

MARC details
000 -LÍDER
campo de controle de tamanho fixo 01175nam a22003977a 4500
001 - NÚMERO DE CONTROLE
campo de controle BR8701543
003 - IDENTIFICADOR DO NÚMERO DE CONTROLE
campo de controle BR-BrBNA
005 - DATA E HORÁRIO DA ÚLTIMA TRANSAÇÃO
campo de controle 20230928092426.0
007 - CAMPO FIXO DE DESCRIÇÃO FÍSICA--INFORMAÇÃO GERAL
campo de controle de tamanho fixo ta
008 - CAMPO DE DADOS FIXOS--INFORMAÇÃO GERAL
campo de controle de tamanho fixo 230509b bl.||||| |||| 00| 0 por d
040 ## - FONTE DA CATALOGAÇÃO
Instituição da catalogação original BR-BrBNA
Idioma da catalogação por
Instituição que transcreveu o registro Biblioteca Nacional de Agricultura
041 ## - CÓDIGO DE IDIOMA
Código do idioma do texto/trilha sonora ou título diferente (Por)
072 ## - CÓDIGO DE CATEGORIA DE ASSUNTO
Código de Categoria de Assunto A01; E14; L01
Código do objeto /G514
090 ## - NÚMERO DE CHAMADA LOCAL
-- A01 BR8701543
100 1# - ENTRADA PRINCIPAL--NOME PESSOAL
Nome pessoal Andrade, A.C.S.
100 1# - ENTRADA PRINCIPAL--NOME PESSOAL
Nome pessoal Carvalho, A.C.F. de
100 1# - ENTRADA PRINCIPAL--NOME PESSOAL
Nome pessoal Carvalho, D.F. de
100 1# - ENTRADA PRINCIPAL--NOME PESSOAL
Nome pessoal Silva, J. de C.
100 1# - ENTRADA PRINCIPAL--NOME PESSOAL
Nome pessoal Carvalho, M.J.C.
100 1# - ENTRADA PRINCIPAL--NOME PESSOAL
Nome pessoal Mourao Filho, O.C.
100 1# - ENTRADA PRINCIPAL--NOME PESSOAL
Nome pessoal Mendes, O.C.
100 1# - ENTRADA PRINCIPAL--NOME PESSOAL
Nome pessoal Gomes, P.J.C.
110 1# - ENTRADA PRINCIPAL--NOME CORPORATIVO
Nome corporativo ou nome da jurisdição Comissao Estadual de Planejamento Agricola, Belem, PA (Brasil)
9 (RLIN) 2044
245 1# - TÍTULO
Título Relatorio de pesquisa - API - Baixo Tocantins [Para, Brasil]
260 3# - PUBLICAÇÃO, DISTRIBUIÇÃO, ETC.
Local de publicação, distribuição, etc. Belem, PA (Brasil):
Data da publicação, distribuição, etc. 1984.
300 ## - DESCRIÇÃO FÍSICA
Extensão 249 p.
500 ## - NOTA GERAL
Nota geral 97 tables. (*) Documento disponível na(o) CEPA, Belem, PA (Brazil)
650 ## - ASSUNTO--TERMO TÓPICO
Cabeçalho tópico ou nome geográfico AGRICULTURA
650 ## - ASSUNTO--TERMO TÓPICO
Cabeçalho tópico ou nome geográfico DESENVOLVIMENTO AGRICOLA
650 ## - ASSUNTO--TERMO TÓPICO
Cabeçalho tópico ou nome geográfico PECUARIA
650 ## - ASSUNTO--TERMO TÓPICO
Cabeçalho tópico ou nome geográfico PROJETO DE DESENVOLVIMENTO
650 ## - ASSUNTO--TERMO TÓPICO
Cabeçalho tópico ou nome geográfico BAIXO TOCANTINS
650 ## - ASSUNTO--TERMO TÓPICO
Cabeçalho tópico ou nome geográfico PARA
909 ## -
-- 202309
-- Lucia
-- 55
-- Lucia Elande
942 ## - ELEMENTOS DE ENTRADA ADICIONADOS (KOHA)
Tipo de material Koha Livros
Exemplares
Situação do descarte Fonte da classificação ou esquema de arquivamento na estante Situação física Não pode ser emprestado Biblioteca de origem Biblioteca atual Total de empréstimos Data de último acesso Número do exemplar Tipo de material Koha Nota pública Situação das perdas Data de aquisição Fonte de aquisição Qualificador de local codificado Custo, preço normal de compra Número do inventário Custo, preço de reposição Preço efetivo de
  Classificação AGRIS   INDISPONÍVEL Centro Cooperante Centro Cooperante   25/09/2023 01 Livros (*) Documento disponível na(o) CEPA, Belem, PA (Brazil) Em falta              

BINAGRI

Telefone: (61)3218-2567/2388/3357/2097 - binagri@agro.gov.br

Ministério da Agricultura e Pecuária , Esplanada dos Ministérios, Bloco D, Anexo B, Brasília/DF, CEP: 70.043-900